=LDR 00000nam 2200000 4500 =001 INLIS000000000042923 =005 20200318105737 =035 ##$$a 0010-101300000000845 =008 200318################g##########0#ind## =041 ##$$a Ind =082 ##$$a 297 =090 ##$$a 2 x o, Alk i.4 =100 ##$$a Alkhuli, M. Ali =245 1#$$a Islam kaffah /$c M. Ali Alkhuli =260 ##$$a Yogyakarta :$b Mitra Pustaka,$c 1997 =300 ##$$a xxi, 137 Hlm, ; $c 19 x 12 cm. =850 ##$$a NBPNMAT =084 ##$$a 297 ALK i =650 #4$$a Islam Kaffah =990 ##$$a 01550155 =990 ##$$a 00087868 =990 ##$$a 01940194 =990 ##$$a 00050895 =990 ##$$a 00087868